A history of Danish Literature / (Record no. 109467)

MARC details
000 -LEADER
campo de control de longitud fija 00586nam a2200181 i 4500
001 - NÚMERO DE CONTROL
campo de control 109467
003 - IDENTIFICADOR DE NÚMERO DE CONTROL
campo de control ES-MaACL
005 - FECHA Y HORA DE LA ÚLTIMA TRANSACCIÓN
campo de control 20230906184840.0
007 - CAMPO FIJO DE DESCRIPCIÓN FÍSICA--INFORMACIÓN GENERAL
campo de control de longitud fija t|
008 - DATOS DE LONGITUD FIJA--INFORMACIÓN GENERAL
campo de control de longitud fija 061121s1957 dk r ||||1| eng d
100 1# - ENTRADA PRINCIPAL--NOMBRE DE PERSONA
Nombre de persona Mitchell, P. M.
9 (RLIN) 81681
245 10 - MENCIÓN DEL TÍTULO
Título A history of Danish Literature /
Mención de responsabilidad, etc. by P. M. Mitchell; with an introductory chapter by Mogens Haugsted.
260 ## - PUBLICACIÓN, DISTRIBUCIÓN, ETC.
Lugar de publicación, distribución, etc. Copenhague :
Nombre del editor, distribuidor, etc. Gyldendal,
Fecha de publicación, distribución, etc. 1957.
300 ## - DESCRIPCIÓN FÍSICA
Extensión 321 p., 22 lám. ;
Dimensiones 24 cm.
650 #4 - PUNTO DE ACCESO ADICIONAL DE MATERIA--TÉRMINO DE MATERIA
Término de materia o nombre geográfico como elemento de entrada Literatura danesa-
Subdivisión general Historia y crítica.
9 (RLIN) 157227
700 1# - ENTRADA AGREGADA--NOMBRE PERSONAL
Nombre de persona Haugsted, Mogens.
9 (RLIN) 62088
852 ## - LOCALIZACIÓN
Ubicación ES-MaACL
Número de control de estantería C-14187
Holdings
Estatus retirado Estado de pérdida Estado de daño No para préstamo Biblioteca de origen Biblioteca actual Ubicación en estantería Fecha de adquisición Fuente de adquisición Total de préstamos Signatura topográfica completa Código de barras Visto por última vez Precio de reemplazo Tipo de ítem Koha
        Biblioteca del Ateneo de Madrid Biblioteca del Ateneo de Madrid Sala Palomar 17/01/2008     C-14187 1114219 23/02/2023 23/02/2023 Libro impreso